000 00519nam a22001697a 4500
008 250325b |||||||| |||| 00| 0 eng d
020 _a9789937961875
082 _223rd.
_a301
_bR137b
100 1 _aRajbhandari, Raj Kumar
_936981
245 _aBasic sociology for social work (BSW-422) /
_cRaj Kumar Rajbhandari.
260 _aKathmandu :
_bR. R. Publisher and Distributor,
_c2025.
300 _a320p. : ill.
500 _aIncludes references.
650 _aSociology
650 _aSocial work
942 _2ddc
_cISBN
999 _c121040
_d121028